Countries With the Most Foreign Players in the MLS - Statistics

General Stats
  • This quiz has been taken 140 times
  • The average score is 19 of 27
Answer Stats
# No. of Players Answer % Correct
1 175 Argentina
99%
4 105 Mexico
99%
2 143 Brazil
98%
6 59 France
94%
17 29 Germany
94%
9 50 Spain
93%
3 118 Colombia
88%
21 26 Italy
86%
5 92 England
85%
10 49 Uruguay
81%
24 24 Peru
73%
15 35 Ecuador
72%
16 31 Netherlands
72%
21 26 Sweden
66%
7 58 Costa Rica
65%
25 23 Poland
65%
14 40 Venezuela
63%
21 26 Panama
61%
18 27 Scotland
58%
8 56 Jamaica
57%
13 41 Honduras
56%
25 23 Switzerland
51%
18 27 El Salvador
50%
18 27 Nigeria
50%
11 44 Ghana
46%
25 23 Serbia
38%
12 43 Trinidad and Tobago
30%
No matching quizzes found
Score Distribution
Percent of People with Each Score
Percentile by Number Answered
Your Score History
You have not taken this quiz